Guide to investing in Macao : Special administrative region of people's Republic of China.

Bibliographic Details
Format: Book
Published: Macao: Macao Trade and Investment Promotion Institute, 2005.
Subjects:
LEADER 00526cam a2200157 7i4500
001 0000020909
005 20080321090000.0
020 0 0 |a 99937-611-6-8  
090 0 0 |a MAC 332.6   |b GUI 
245 0 0 |a Guide to investing in Macao :   |b Special administrative region of people's Republic of China. 
260 0 0 |a Macao:   |b Macao Trade and Investment Promotion Institute,   |c 2005. 
300 # # |a 111 p. 
650 0 0 |a Investment --   |z Macao  
650 0 0 |a Taxation --   |x Macao  
651 0 0 |a Macao  
999 |a 0000021336  |b Book  |c Countries  |e Business Information Centre